Les Drassanes Reials de Barcelona
ISBN:
9788415232575
Descripción Física:
270 p. : il. (algunes col.) ; 25 cm
MARC
| LEADER | 00000nam a2200000Ia 4500 | ||
|---|---|---|---|
| 001 | 24038 | ||
| 008 | 160829s2013 xx 000 0 cat d | ||
| 020 | |a 9788415232575 | ||
| 080 | |a Bib-135 | ||
| 100 | |a Dahl, Silvia |9 50069 | ||
| 245 | |a Les Drassanes Reials de Barcelona | ||
| 260 | |a El Papiol : |b Efadós : |b Museu Marítim de Barcelona, |c 2013 | ||
| 300 | |a 270 p. : |b il. (algunes col.) ; |c 25 cm | ||
| 590 | |a Bibliografía. | ||
| 590 | |a Textos en castellà i anglès al final (p. 233-265) | ||
| 610 | 0 | |a Museu Marítim (Barcelona, Catalunya) |9 10020 | |
| 610 | 2 | 0 | |a Consorci de les Drassanes de Barcelona |9 55893 |
| 700 | |a García i Domingo, Enric |9 24608 | ||
| 700 | |a López Miguel, Olga |9 50072 | ||
| 700 | |a Museu Marítim (Barcelona, Catalunya) | ||
| 901 | |a Arxiu | ||
| 942 | |n 1 | ||
| 952 | |0 0 |1 0 |4 0 |6 BIB135 |7 1 |9 55767 |a Arxiu |b Arxiu |d 2016-12-01 |l 0 |o Bib-135 |p 24038 |r 2016-12-01 00:00:00 |w 2016-12-01 |y ARXIU | ||
| 999 | |c 59640 |d 59640 | ||